[Event "62. BEM 2008"]
[Site "Dortmund"]
[Date "2008.02.25"]
[Round "4.10"]
[White "Werner, Patrick"]
[Black "Rzoczek, Christoph"]
[Result "1-0"]
[WhiteElo "1692"]
[BlackElo "1588"]
[PlyCount "75"]
[EventDate "2008.??.??"]
[Source "SG Dortmund"]
[SourceDate "2004.12.16"]

1. d4 Nf6 2. c4 c6 3. Nf3 d5 4. Nc3 Nbd7 5. Bf4 e6 6. e3 h6 7. cxd5 exd5 8. Bd3
Bb4 9. O-O O-O 10. Rc1 a6 11. Bb1 Qe7 12. Qd3 Bxc3 13. Rxc3 Ne4 14. Rcc1 f5 15.
h3 g5 16. Bh2 h5 17. Ne5 Nxe5 18. Bxe5 g4 19. f3 Ng5 20. h4 gxf3 21. hxg5 Qxg5
22. Rxf3 h4 23. Rcf1 b6 24. Qb3 Ra7 25. e4 f4 26. exd5 h3 27. dxc6+ Raf7 28. g3
h2+ 29. Kh1 Bh3 30. Bxf4 Qb5 31. Qxb5 axb5 32. R1f2 Bg4 33. Re3 Rf6 34. a3 Rxc6
35. Ba2+ Kh7 36. Rxh2+ Kg6 37. Rh6+ Kf5 38. Bb1+ 1-0

[Event "62. BEM 2008"]
[Site "Dortmund"]
[Date "2008.02.25"]
[Round "4.11"]
[White "Reschop, Romano"]
[Black "Sonntag, Joachim"]
[Result "0-1"]
[WhiteElo "1670"]
[BlackElo "1769"]
[PlyCount "70"]
[EventDate "2008.??.??"]
[Source "SG Dortmund"]
[SourceDate "2004.12.16"]

1. e4 c5 2. Nf3 Nc6 3. d4 cxd4 4. Nxd4 Nf6 5. Nc3 a6 6. Nxc6 bxc6 7. e5 Ng8 8.
Bd3 Qa5 9. O-O Qxe5 10. Re1 Qc7 11. Qf3 e5 12. Qh5 d6 13. f4 g6 14. Qf3 Bg7 15.
fxe5 Bxe5 16. Bf4 Ne7 17. Bxe5 dxe5 18. Bc4 O-O 19. Ne4 Nf5 20. g4 Nd6 21. Nf6+
Kg7 22. Bd3 Qe7 23. Rf1 Ne8 24. g5 Qc5+ 25. Kh1 Be6 26. c4 Rd8 27. Qg3 Rd4 28.
Rae1 Bxc4 29. Bxc4 Qxc4 30. Qxe5 Nxf6 31. Rxf6 Kg8 32. Ref1 Rd2 33. Qe3 Qd5+
34. Qf3 Rxb2 35. Rxc6 Qxa2 {und Weiss ueberschritt die Zeit ...} 0-1

[Event "62. BEM 2008"]
[Site "Dortmund"]
[Date "2008.02.25"]
[Round "4.12"]
[White "Watzlawek, Volker"]
[Black "Ezzat, Tarik"]
[Result "0-1"]
[WhiteElo "1661"]
[BlackElo "1506"]
[PlyCount "61"]
[EventDate "2008.??.??"]
[Source "SG Dortmund"]
[SourceDate "2004.12.16"]

1. e4 d6 2. d4 Nf6 3. Bd3 g6 4. f4 c5 5. dxc5 Qa5+ 6. Nc3 Qxc5 7. Qe2 a6 8. Nf3
Bg7 9. Be3 Qb4 10. O-O-O e6 11. e5 dxe5 12. fxe5 Nfd7 13. a3 Qa5 14. Bf4 Nc6
15. Rhe1 Nc5 16. Be4 Bd7 17. Rd6 O-O 18. Red1 Be8 19. Bxc6 Bxc6 20. h4 Na4 21.
Bd2 Qc7 22. Nd4 Nxc3 23. Bxc3 Bd5 24. h5 Bh6+ 25. Kb1 Rfe8 26. Rh1 Bf8 27. hxg6
fxg6 28. Bb4 Rac8 29. c3 Bc4 30. Qf2 a5 31. Nb5 0-1

[Event "62. BEM 2008"]
[Site "Dortmund"]
[Date "2008.02.25"]
[Round "4.13"]
[White "Clausen, Dirk"]
[Black "Duschek, Günter"]
[Result "0-1"]
[WhiteElo "1597"]
[BlackElo "1658"]
[PlyCount "59"]
[EventDate "2008.??.??"]
[Source "SG Dortmund"]
[SourceDate "2004.12.16"]

1. Nf3 d5 2. c4 d4 3. b4 Nf6 4. Bb2 c5 5. bxc5 Nc6 6. e3 e5 7. exd4 exd4 8. d3
Bxc5 9. Be2 O-O 10. O-O Re8 11. Re1 Bg4 12. h3 Bh5 13. Nbd2 Re7 14. Bf1 Rxe1
15. Qxe1 Qb6 16. Rb1 Re8 17. Qc1 Qc7 18. g4 Bg6 19. Nb3 Bd6 20. c5 Bf4 21. Qc4
h5 22. g5 Nh7 23. h4 Qd7 24. Nbxd4 Qg4+ 25. Bg2 Ne5 26. Nxe5 Bxe5 27. Re1 Bh2+
28. Kf1 Rxe1+ 29. Kxe1 Qxg2 30. Ne2 0-1

[Event "62. BEM 2008"]
[Site "Dortmund"]
[Date "2008.02.25"]
[Round "4.14"]
[White "Flierdl, Lothar"]
[Black "Dörre, Niels"]
[Result "1-0"]
[WhiteElo "1702"]
[BlackElo "1590"]
[PlyCount "119"]
[EventDate "2008.??.??"]
[Source "SG Dortmund"]
[SourceDate "2004.12.16"]

1. e4 e6 2. d4 d5 3. Nd2 dxe4 4. Nxe4 Nd7 5. Nf3 Ngf6 6. Ng3 Be7 7. Bd3 b6 8.
Bf4 Bb7 9. O-O O-O 10. Qe2 c5 11. c3 cxd4 12. Nxd4 Nc5 13. Bc2 Nd5 14. Bd2 Qc7
15. Rfe1 Nf4 16. Bxf4 Qxf4 17. Rad1 Rad8 18. Qh5 Qh6 19. Ndf5 exf5 20. Rxe7
Rxd1+ 21. Qxd1 Qc6 22. f3 Ne6 23. Nxf5 g6 24. Nd4 Nxd4 25. Qxd4 Qc8 26. Bb3 Rd8
27. Qe5 Bd5 28. Bxd5 Qc5+ 29. Kh1 Qxd5 30. Re8+ Rxe8 31. Qxe8+ Kg7 32. Qa4 Qe6
33. h3 Qe1+ 34. Kh2 Qe5+ 35. f4 Qf5 36. g4 Qe6 37. Qd4+ f6 38. Kg3 Qe1+ 39. Qf2
Qe4 40. a3 Kf7 41. Qd2 Ke7 42. Kf2 Qc6 43. Qe3+ Kf7 44. Kg3 Qd6 45. Qd4 Qe6 46.
Kf2 a5 47. c4 Qc6 48. Qd5+ Qxd5 49. cxd5 Ke7 50. Ke3 Kd6 51. Kd4 b5 52. b4 axb4
53. axb4 g5 54. fxg5 fxg5 55. Ke4 Kd7 56. Ke5 Ke7 57. d6+ Kd8 58. Kd5 Kd7 59.
Kc5 h6 60. Kd5 1-0

[Event "62. BEM 2008"]
[Site "Dortmund"]
[Date "2008.02.25"]
[Round "4.15"]
[White "Hlopotov, Oleg"]
[Black "Kajtazovic, Ismail"]
[Result "0-1"]
[WhiteElo "1679"]
[BlackElo "1525"]
[PlyCount "88"]
[EventDate "2008.??.??"]
[Source "SG Dortmund"]
[SourceDate "2004.12.16"]

1. e4 c5 2. Nf3 d6 3. d4 cxd4 4. Nxd4 Nf6 5. Nc3 a6 6. Bc4 e6 7. Bg5 Be7 8. Qd2
b5 9. Bd3 h6 10. Be3 Bb7 11. a3 Nbd7 12. f3 Nc5 13. Be2 Rc8 14. O-O O-O 15. b4
Ncd7 16. Nd1 Nb6 17. Nb2 Qc7 18. Bd3 Rfd8 19. Qf2 Nc4 20. Nxc4 bxc4 21. Be2 d5
22. exd5 Nxd5 23. Bd2 Bf6 24. c3 Qb6 25. Kh1 Nxc3 26. Bxc3 Bxd4 27. Bxd4 Qxd4
28. Qg3 Qb2 29. Rfe1 Rd2 30. Bf1 c3 31. Qe5 Qxa1 32. Rxa1 c2 33. Qe1 Rcd8 34.
Be2 Bc6 35. a4 Bxa4 36. Rxa4 Rd1 37. Ra1 Rxe1+ 38. Rxe1 Rd2 39. h3 Rxe2 40. Rc1
Kf8 41. Kh2 Ke7 42. Kg3 Kd6 43. f4 Kd5 44. Kf3 Rd2 0-1

[Event "62. BEM 2008"]
[Site "Dortmund"]
[Date "2008.02.25"]
[Round "4.16"]
[White "Ziemek, Gerhard"]
[Black "Collisy, Klaus-D"]
[Result "1-0"]
[WhiteElo "1628"]
[BlackElo "1326"]
[PlyCount "65"]
[EventDate "2008.??.??"]
[Source "SG Dortmund"]
[SourceDate "2004.12.16"]

1. d4 Nf6 2. Nc3 d5 3. f3 b6 4. e4 dxe4 5. fxe4 Bb7 6. Bd3 e6 7. Nf3 c5 8. Bg5
Be7 9. dxc5 bxc5 10. O-O O-O 11. Qe1 Ne8 12. Be3 Nd7 13. Qg3 g6 14. Rad1 Qc8
15. e5 Ng7 16. Bh6 c4 17. Be4 Bxe4 18. Nxe4 Nf5 19. Qh3 Nxh6 20. Qxh6 Rd8 21.
Nfg5 Bxg5 22. Nxg5 Nf8 23. Rxd8 Qc5+ 24. Kh1 Rxd8 25. Nxf7 Rd7 26. Nd6 Rg7 27.
Qg5 Qa5 28. c3 h6 29. Qf6 Nd7 30. Qxe6+ Kh7 31. Nf7 Nc5 32. Qxc4 Nd7 33. Qc8
1-0

[Event "62. BEM 2008"]
[Site "Dortmund"]
[Date "2008.02.25"]
[Round "4.17"]
[White "Schaefer, Ulrich"]
[Black "Lauche, Christoph"]
[Result "0-1"]
[WhiteElo "1253"]
[BlackElo "1834"]
[PlyCount "52"]
[EventDate "2008.??.??"]
[Source "SG Dortmund"]
[SourceDate "2004.12.16"]

1. e4 c5 2. Nf3 d6 3. d4 cxd4 4. Nxd4 Nf6 5. Nc3 g6 6. Bg5 Bg7 7. Qd2 h6 8. Be3
Ng4 9. Bc4 a6 10. f3 Nxe3 11. Qxe3 Nd7 12. O-O-O O-O 13. g4 Ne5 14. Bb3 Qb6 15.
h4 e6 16. Rhg1 Nxf3 17. Qxf3 Bxd4 18. Rgf1 Bd7 19. Ne2 Bg7 20. Qf4 Bb5 21. Rxd6
Qc7 22. Re1 Bxe2 23. Rxe2 Rad8 24. e5 Bxe5 25. Qxe5 Qxd6 26. Qxd6 Rxd6 0-1

[Event "62. BEM 2008"]
[Site "Dortmund"]
[Date "2008.02.25"]
[Round "4.18"]
[White "Schultz, Bernfried"]
[Black "Schrimpl, Michael"]
[Result "1-0"]
[WhiteElo "1668"]
[BlackElo "1390"]
[PlyCount "121"]
[EventDate "2008.??.??"]
[Source "SG Dortmund"]
[SourceDate "2004.12.16"]

1. e4 c6 2. d4 d5 3. e5 Bf5 4. Nc3 Nd7 5. g4 Bg6 6. h4 h5 7. g5 e6 8. a3 Ne7 9.
Nh3 Bf5 10. Nf4 g6 11. Be3 b5 12. Bd3 a5 13. O-O Bg4 14. f3 Bf5 15. Nce2 Bxd3
16. Qxd3 Nf5 17. Bf2 a4 18. Ng2 Bg7 19. Ne3 Nxe3 20. Qxe3 O-O 21. Rfc1 Nb6 22.
b3 Qe7 23. Be1 Rfc8 24. Bb4 Qe8 25. Nf4 Bf8 26. Nd3 Bxb4 27. Nxb4 Qe7 28. Kf2
Rc7 29. Ke2 c5 30. Nd3 cxd4 31. Qxd4 Nd7 32. Qb4 Qxb4 33. axb4 Rac8 34. Kd2
axb3 35. cxb3 Rxc1 36. Rxc1 Rxc1 37. Kxc1 Kf8 38. Kc2 d4 39. f4 Nb6 40. Kd2 Nd5
41. Ke2 Nc3+ 42. Kf3 Ke7 43. Nc5 Nd5 44. Ke4 Ne3 45. Kxd4 Ng2 46. Nd3 Nxh4 47.
Kc5 Nf5 48. Kxb5 Nd4+ 49. Kc4 Nc6 50. b5 Na5+ 51. Kb4 Nb7 52. b6 Kd7 53. Kb5
Kc8 54. b4 h4 55. Nf2 Kb8 56. Kc6 Kc8 57. Nh3 Kb8 58. Kd7 Ka8 59. Ke7 Kb8 60.
Kxf7 Nd8+ 61. Kxg6 1-0

[Event "62. BEM 2008"]
[Site "Dortmund"]
[Date "2008.02.25"]
[Round "4.19"]
[White "Strotmann, Dieter"]
[Black "Ziemek, Siegfried"]
[Result "0-1"]
[WhiteElo "1296"]
[BlackElo "1671"]
[PlyCount "52"]
[EventDate "2008.??.??"]
[Source "SG Dortmund"]
[SourceDate "2004.12.16"]

1. Nf3 d5 2. g3 Nc6 3. Bg2 e5 4. d3 Be6 5. O-O Be7 6. b3 Bf6 7. e4 Nge7 8. Nbd2
Ng6 9. Ba3 h5 10. h4 Nge7 11. c4 dxc4 12. dxc4 Bg4 13. Qc2 Qd7 14. Rfd1 O-O-O
15. Nf1 Nd4 16. Qd3 Nxf3+ 17. Qxf3 Qxd1 18. Qxd1 Bxd1 19. Ne3 Bg4 20. Nd5 Nc6
21. f3 Be6 22. Rd1 Rhe8 23. Kf2 Be7 24. Bxe7 Nxe7 25. Ke3 c6 26. Nxe7+ Rxe7 0-1

[Event "62. BEM 2008"]
[Site "Dortmund"]
[Date "2008.02.25"]
[Round "4.20"]
[White "Ewers, Christian"]
[Black "Ackerhans, Gerd"]
[Result "1-0"]
[WhiteElo "1668"]
[BlackElo "1415"]
[PlyCount "127"]
[EventDate "2008.??.??"]
[Source "SG Dortmund"]
[SourceDate "2004.12.16"]

1. e4 c5 2. c3 e5 3. d4 cxd4 4. cxd4 Bb4+ 5. Bd2 Bxd2+ 6. Qxd2 exd4 7. Qxd4 Nf6
8. e5 Nc6 9. Qc3 Qe7 10. Nf3 Nd5 11. Qb3 Qb4+ 12. Nbd2 Qxb3 13. axb3 O-O 14.
Bc4 Ndb4 15. O-O Re8 16. Ne4 Nxe5 17. Nxe5 Rxe5 18. Nd6 Kf8 19. Nxf7 Rc5 20.
Nd6 Nc2 21. Rae1 $1 Nxe1 22. Rxe1 g6 23. Re8+ Kg7 24. Rg8+ Kh6 25. Nf7+ Kh5 26.
Be2+ Kh4 27. g3+ (27. h3 $18) (27. f3 $18) 27... Kh3 28. Nh6 $2 (28. Re8 $1)
28... Rc1+ 29. Bf1+ Rxf1+ 30. Kxf1 b6 31. Rg7 Kxh2 32. Rxh7 Ba6+ 33. Ke1 Re8+
34. Kd1 Kg2 {Ploetzlich hat Schwarz einen aktiven Koenig! Seinen inzwischen
leichten, auf der Ueberlegenheit des Laeufers ueber den Springer beruhenden
Vorteil verspielt er allerdings im folgenden Zug um Zug ...} 35. Rxd7 Kxf2 36.
g4 Re1+ 37. Kd2 Rh1 38. g5 Bc8 39. Rf7+ Kg3 40. Rf6 Rh2+ 41. Kc3 Rh5 42. Rxg6
Kf4 43. Nf7 Rh3+ 44. Kb4 Bf5 45. Rf6 Rg3 46. Nd6 Rxg5 47. Rxf5+ Rxf5 48. Nxf5
Kxf5 49. Kb5 Ke5 50. Kc6 Kd4 51. Kb5 Kd5 52. b4 Kd6 53. Ka6 Kc6 $4 (53... Kd5
$1 54. b3 Kc6 $11) 54. b3 $1 {Zugzwang!} 54... Kc7 55. Kxa7 b5 56. Ka6 Kc6 57.
Ka5 Kc7 58. Kxb5 Kb7 59. Kc5 Kc7 60. b5 Kb7 61. b6 Kb8 62. Kc6 Kc8 63. b7+ Kb8
64. b4 1-0

[Event "62. BEM 2008"]
[Site "Dortmund"]
[Date "2008.02.25"]
[Round "4.21"]
[White "Warsitz, Andreas"]
[Black "Rutmann, Ulrich"]
[Result "0-1"]
[WhiteElo "1558"]
[BlackElo "1401"]
[PlyCount "78"]
[EventDate "2008.??.??"]
[Source "SG Dortmund"]
[SourceDate "2004.12.16"]

1. e4 d6 2. b3 Nf6 3. d3 g6 4. Bb2 Bg7 5. Nf3 O-O 6. Nbd2 e5 7. h3 Nbd7 8. Nc4
b5 9. Ne3 c6 10. Be2 Nh5 11. Nd2 Nf4 12. g3 Nxe2 13. Qxe2 a5 14. Nf3 Ba6 15. g4
Nf6 16. Rg1 b4 17. Qf1 Nxe4 18. Qg2 Ng5 19. Nxg5 Qxg5 20. Qxc6 Qd8 21. Qg2 Re8
22. O-O-O Qd7 23. Nf5 gxf5 24. gxf5 f6 25. Kb1 Qf7 26. Bc1 Kh8 27. Qc6 Red8 28.
Qg2 Bb7 29. Qg4 a4 30. Rg3 axb3 31. cxb3 Bd5 32. Rdg1 Rg8 33. Kb2 Qa7 34. a4
Qxf2+ 35. Kb1 Bxb3 36. R1g2 Qa7 37. Bh6 Bxh6 38. Qxg8+ Rxg8 39. Rxg8+ Bxg8 0-1

[Event "62. BEM 2008"]
[Site "Dortmund"]
[Date "2008.02.25"]
[Round "4.22"]
[White "Noori, Mir Ahmad"]
[Black "Pachura, Karl-Heinz"]
[Result "1-0"]
[WhiteElo "1556"]
[BlackElo "1305"]
[PlyCount "79"]
[EventDate "2008.??.??"]
[Source "SG Dortmund"]
[SourceDate "2004.12.16"]

1. d4 d5 2. Nf3 Bg4 3. e3 e6 4. Be2 Bd6 5. a3 Nd7 6. Nbd2 c6 7. c4 Ngf6 8. b3
O-O 9. Bb2 Re8 10. Ne5 Bxe2 11. Qxe2 Nf8 12. O-O Bxe5 13. dxe5 N6d7 14. Rad1
Ng6 15. f4 Nb6 16. Ne4 Nc8 17. c5 Nf8 18. b4 Nd7 19. Ng3 Ne7 20. Qg4 Rf8 21. f5
exf5 22. Nxf5 Ng6 23. Qg3 a6 24. h4 h5 25. Bd4 Kh7 26. Rf3 f6 27. e6 Re8 28.
exd7 Qxd7 29. Nd6 Re6 30. Rf5 Kh6 31. Qf3 Nf4 32. Qxf4+ Kg6 33. Rf1 Rae8 34.
Rf3 Re4 35. Rg3+ Kh7 36. Rxh5+ Kg8 37. Nxe4 dxe4 38. Qf5 Qc7 39. Qh7+ Kf8 40.
Qh8+ 1-0

[Event "62. BEM 2008"]
[Site "Dortmund"]
[Date "2008.02.25"]
[Round "4.23"]
[White "Reinacher, Detlev"]
[Black "Wodzinski, Kristin"]
[Result "1/2-1/2"]
[WhiteElo "1464"]
[BlackElo "1212"]
[PlyCount "123"]
[EventDate "2008.??.??"]
[Source "SG Dortmund"]
[SourceDate "2004.12.16"]

1. d4 d5 2. c4 c6 3. Nc3 Nf6 4. e3 Nbd7 5. Nf3 e6 6. c5 Qa5 7. Bd2 Qc7 8. b4 b6
9. Bd3 Be7 10. O-O O-O 11. Qc2 e5 12. dxe5 Nxe5 13. Nxe5 Qxe5 14. f4 Qc7 15.
Ne2 Re8 16. Nd4 bxc5 17. bxc5 a5 18. Rab1 Ba6 19. Rb6 Bxd3 20. Qxd3 Bxc5 21.
Rxc6 Qa7 22. Rc1 Bxd4 23. exd4 Kf8 24. R1c5 a4 25. Rc7 Qb6 26. Qa3 Qd6 27. R7c6
Qe7 28. Bb4 Qe4 29. Rc1+ Kg8 30. Qc3 Qxf4 31. Rf1 Qe3+ 32. Qxe3 Rxe3 33. Bd6 h6
34. Be5 Ng4 35. Rc7 Nxe5 36. dxe5 Rf8 37. Ra7 a3 38. Re7 d4 39. Rd7 d3 40. Rd1
Rxe5 41. R1xd3 Ra8 42. Rf3 f6 43. Rdd3 Rea5 44. Rg3 g5 45. Rgf3 Kf7 46. Rh3 Kg6
47. Rhg3 h5 48. Rb3 g4 49. h3 Kg5 50. Rb4 f5 51. Rc3 Rd8 52. Rbb3 Rd1+ 53. Kh2
Ra1 54. Rxa3 Rxa2 55. Rab3 f4 56. hxg4 hxg4 57. Rb8 Kh4 58. Rb4 g3+ 59. Rxg3
Rf2 60. Rg8 Raa2 61. Rb7 Ra5 62. Rbg7 1/2-1/2

[Event "62. BEM 2008"]
[Site "Dortmund"]
[Date "2008.02.25"]
[Round "4.24"]
[White "Hugenroth, Andreas"]
[Black "Gegner, Michael"]
[Result "1-0"]
[WhiteElo "1231"]
[BlackElo "1552"]
[PlyCount "50"]
[EventDate "2008.??.??"]
[Source "SG Dortmund"]
[SourceDate "2004.12.16"]

1. d4 Nf6 2. c4 e5 3. dxe5 Ne4 4. Nf3 d6 5. Nc3 Nxc3 6. bxc3 Nc6 7. exd6 Bxd6
8. e4 Bg4 9. Be2 O-O 10. O-O Qe7 11. Nd4 Bxe2 12. Qxe2 Qe5 13. f4 Nxd4 14. cxd4
Qxd4+ 15. Be3 Qxe4 16. Rad1 Rfe8 17. Rd3 Rad8 18. Rf3 Qxc4 19. Qd2 Be7 20. Bd4
c5 21. Bc3 Rxd3 22. Rxd3 Qe6 23. Re3 Rd8 24. Rxe6 Rxd2 25. Rxe7 Rd8 1-0

[Event "62. BEM 2008"]
[Site "Dortmund"]
[Date "2008.02.25"]
[Round "4.25"]
[White "Fahle, Karl-Wilhelm"]
[Black "Gennat, Egon L"]
[Result "0-1"]
[WhiteElo "1202"]
[BlackElo "1495"]
[PlyCount "140"]
[EventDate "2008.??.??"]
[Source "SG Dortmund"]
[SourceDate "2004.12.16"]

1. e4 d6 2. d4 Nf6 3. Nc3 g6 4. Be3 Bg7 5. Be2 O-O 6. e5 dxe5 7. dxe5 Nfd7 8.
f4 c6 9. Nf3 Nb6 10. O-O Be6 11. b3 Nd5 12. Nxd5 Bxd5 13. c4 Be4 14. Ng5 Bf5
15. g4 Bd7 16. Rc1 h6 17. Ne4 Na6 18. Qd2 Qc7 19. g5 Rad8 20. Qe1 Bf5 21. gxh6
Bxe4 22. hxg7 Kxg7 23. Qg3 Bf5 24. Rf2 Rh8 25. h4 Nb4 26. Rd1 b6 27. Rh2 Nxa2
28. Rxd8 Qxd8 29. h5 Nc3 30. Bf3 Ne4 31. h6+ Rxh6 32. Rxh6 Kxh6 (32... Nxg3 $19
) 33. Qh2+ Kg7 34. Bxe4 Qd1+ 35. Kf2 Bxe4 36. Qg1 Qxg1+ 37. Kxg1 c5 38. Kf2 Bc2
39. Ke1 Bxb3 40. Kd2 Bxc4 41. Kc3 Bb5 42. Kb3 Kf8 43. Bc1 Ke8 44. Ba3 Kd7 45.
Kc3 Ke6 46. Kd2 Kd5 47. Ke3 Bc4 48. Kf3 b5 49. Bb2 a5 50. Kg4 Bd3 51. Kg5 b4
52. Kh6 Bf5 53. Kg7 c4 54. Kxf7 e6 55. Bc1 c3 56. Kf6 a4 57. Be3 a3 58. Bb6 a2
59. Ba5 Kc4 60. Bxb4 Kxb4 61. Kg5 a1=Q 62. Kf6 Kc5 63. Ke7 Kc6 64. Kf6 Kd7 65.
Kf7 Qa3 66. Kg7 Ke7 67. Kh7 c2 68. Kh6 Kf7 69. Kg5 Qg3+ 70. Kh6 Qh4# 0-1

[Event "62. BEM 2008"]
[Site "Dortmund"]
[Date "2008.02.25"]
[Round "4.26"]
[White "Siwy, Boguslaw"]
[Black "Schoppe, Hans-Werner"]
[Result "1-0"]
[WhiteElo "1323"]
[BlackElo "1243"]
[PlyCount "53"]
[EventDate "2008.??.??"]
[Source "SG Dortmund"]
[SourceDate "2004.12.16"]

1. e4 e6 2. d4 d5 3. e5 c5 4. c3 a6 5. Nf3 Nc6 6. Bd3 Qb6 7. O-O cxd4 8. cxd4
Bd7 9. Nc3 Qa7 10. Be3 b5 11. Rc1 Bb4 12. Ng5 Nge7 13. Qh5 g6 14. Qf3 Nf5 15.
Bxf5 (15. g4 Nxe3 16. Qxf7+) 15... Bxc3 16. Bb1 f5 17. Rxc3 Nd8 18. Qh3 h6 19.
Nf3 Nf7 20. Rfc1 Ke7 21. Nd2 Rag8 22. Nb3 Ng5 23. Qh4 Ke8 24. Nc5 Ne4 25. Nxe4
dxe4 26. d5 g5 27. Qh5+ 1-0

[Event "62. BEM 2008"]
[Site "Dortmund"]
[Date "2008.02.25"]
[Round "4.27"]
[White "Kiauka, Richard"]
[Black "Krüger, Inge"]
[Result "1/2-1/2"]
[WhiteElo "1191"]
[BlackElo "1375"]
[PlyCount "78"]
[EventDate "2008.??.??"]
[Source "SG Dortmund"]
[SourceDate "2004.12.16"]

1. e4 e6 2. Nf3 d5 3. e5 c5 4. d4 cxd4 5. Nxd4 Ne7 6. Bg5 Qb6 7. b3 Nec6 8.
Nxc6 Nxc6 9. Be3 Qc7 10. f4 Be7 11. Bd3 O-O 12. O-O Bd7 13. Qh5 g6 14. Qh6 Nb4
15. Nd2 Nxd3 16. cxd3 Rac8 17. d4 f6 18. Nf3 Rf7 19. Rfc1 Qd8 20. Rxc8 Bxc8 21.
Rc1 Bf8 22. Qh4 Bg7 23. Qe1 Bf8 24. exf6 Rxf6 25. Ng5 h6 26. Nf3 Ba3 27. Rc2
Rf8 28. Ne5 Kg7 29. Qg3 Qf6 30. Ng4 Qf5 31. Rc7+ Kh8 32. Kf2 Qb1 33. Nxh6 Qxa2+
34. Kf3 Qb1 35. Nf7+ Kg8 36. Nh6+ Kh8 37. Nf7+ Kg8 38. Nh6+ Kh8 39. Nf7+ (39.
Qg5 Qd1+ 40. Kg3 Qh5 41. Qe5+ Qxe5 42. fxe5 $18) 39... Kg8 1/2-1/2

[Event "62. BEM 2008"]
[Site "Dortmund"]
[Date "2008.02.25"]
[Round "4.28"]
[White "Griese, Andreas"]
[Black "Hast, Stefan"]
[Result "1-0"]
[WhiteElo "1058"]
[BlackElo "1083"]
[PlyCount "99"]
[EventDate "2008.??.??"]
[Source "SG Dortmund"]
[SourceDate "2004.12.16"]

1. d4 Nf6 2. c4 g6 3. Nc3 Bg7 4. Nf3 d6 5. Bf4 Bf5 6. e3 c6 7. Be2 Nh5 8. Nh4
Nxf4 9. exf4 Bd7 10. O-O Qb6 11. Nf3 Bg4 12. Na4 Qc7 13. h3 Bd7 14. Rc1 c5 15.
Nc3 Qc8 16. h4 Bh6 17. Nd5 Na6 18. a3 Nc7 19. dxc5 dxc5 20. g3 Bh3 21. Re1 Nxd5
22. cxd5 O-O 23. Bc4 Bxf4 24. Rc3 Qg4 25. Nh2 Qxd1 26. Rxd1 Bd6 27. Re1 Rae8
28. Nf3 Bd7 29. Kg2 b5 30. Bd3 a6 31. Ne5 Bc8 32. Nc6 Bb7 33. Be4 f5 34. Bf3 f4
35. Bg4 Bxc6 36. dxc6 Rf6 37. Bd7 Ref8 38. g4 f3+ 39. Kh3 Rf4 40. Rce3 Rc4 41.
Be6+ Kh8 42. Bxc4 bxc4 43. b3 cxb3 44. Rxb3 e5 45. Rd1 Bc7 46. Rc3 Bb6 47. Rd7
c4 48. Kg3 e4 49. Rxc4 Bxf2+ 50. Kxf2 1-0

[Event "62. BEM 2008"]
[Site "Dortmund"]
[Date "2008.02.25"]
[Round "4.29"]
[White "Rabe, Mark"]
[Black "Dirks, Rainer"]
[Result "1/2-1/2"]
[WhiteElo "891"]
[BlackElo "1155"]
[PlyCount "39"]
[EventDate "2008.??.??"]
[Source "SG Dortmund"]
[SourceDate "2004.12.16"]

1. d4 d5 2. e3 Nc6 3. Bd3 e5 4. c3 e4 5. Bc2 Nf6 6. Ne2 Bd6 7. O-O O-O 8. b3
Qd7 9. Ba3 b6 10. Bxd6 Qxd6 11. Nf4 Bg4 12. Qc1 Nh5 13. Qa3 Nxf4 14. Qxd6 Ne2+
15. Kh1 cxd6 16. Bd1 h5 17. h3 Bf3 18. gxf3 exf3 19. Nd2 Nxc3 20. Bxf3 1/2-1/2

[Event "62. BEM 2008"]
[Site "Dortmund"]
[Date "2008.02.26"]
[Round "5.1"]
[White "Schröder, Thomas"]
[Black "Lindam, Ingo"]
[Result "0-1"]
[WhiteElo "1569"]
[BlackElo "2070"]
[Annotator "Ingo Lindam"]
[PlyCount "16"]
[EventDate "2008.??.??"]
[Source "SG Dortmund"]
[SourceDate "2004.12.16"]

1. f4 e5 2. fxe5 d6 3. exd6 Bxd6 4. Nf3 Nf6 5. d4 Ng4 6. g3 Nxh2 7. Nxh2 $4 (7.
Rxh2 Bxg3+ 8. Rf2 h5 $44) 7... Bxg3+ 8. Kd2 Qxd4# 0-1

[Event "62. BEM 2008"]
[Site "Dortmund"]
[Date "2008.02.26"]
[Round "5.2"]
[White "Gitschel, Ralf"]
[Black "Raskin, Vitali"]
[Result "1/2-1/2"]
[WhiteElo "1914"]
[BlackElo "1634"]
[PlyCount "130"]
[EventDate "2008.??.??"]
[Source "SG Dortmund"]
[SourceDate "2004.12.16"]

1. e4 e5 2. Nf3 Nc6 3. Bb5 a6 4. Ba4 Nf6 5. O-O b5 6. Bb3 Be7 7. Re1 O-O 8. c3
d6 9. h3 Na5 10. Bc2 c5 11. d4 cxd4 12. cxd4 exd4 13. Nxd4 Qc7 14. Bf4 Nc6 15.
Nc3 Re8 16. Rc1 Nxd4 17. Qxd4 Bb7 18. Bd3 Qc5 19. Nxb5 Qxd4 20. Nxd4 Bf8 21. f3
Rac8 22. Nb3 d5 23. Rxc8 Rxc8 24. e5 Nd7 25. Bf5 Rc4 26. Bxd7 Rxf4 27. e6 fxe6
28. Bxe6+ Kh8 29. Rc1 Rf6 30. Bg4 Rc6 31. Re1 g6 32. Re8 Kg7 33. Rb8 Rc7 34.
Rd8 Be7 35. Rd7 Rxd7 36. Bxd7 d4 37. Kf1 Bf6 38. Nc5 Bd5 39. b3 a5 40. Ke2 Kf7
41. Bb5 Ke7 42. Bd3 Kd6 43. Na4 Kc6 44. Be4 Bxe4 45. fxe4 Kb5 46. Kd3 Kb4 47.
Nb6 Bg7 48. Nc4 a4 49. bxa4 Kxa4 50. e5 Kb5 51. Kxd4 Kc6 52. a4 Bf8 53. g4 Bc5+
54. Ke4 Bf2 55. Ne3 Be1 56. Ng2 Bc3 57. h4 Kd7 58. Kd5 h5 59. gxh5 gxh5 60. Nf4
Be1 61. Ng6 Bb4 62. e6+ Ke8 63. Ke5 Be1 64. Kf6 Bd2 65. Kf5 Kd8 {und diese uebe
rlegene Stellung konnt Weiss wegen hoher Zeitnot nicht mehr gewinnen. Die
Partie endete nach einigen weiteren, nicht mehr notierten Zuegen remis ...}
1/2-1/2

[Event "62. BEM 2008"]
[Site "Dortmund"]
[Date "2008.02.26"]
[Round "5.3"]
[White "Hoppe, Dirk"]
[Black "Barskij, Aleksandr"]
[Result "0-1"]
[WhiteElo "1779"]
[BlackElo "1874"]
[PlyCount "68"]
[EventDate "2008.??.??"]
[Source "SG Dortmund"]
[SourceDate "2004.12.16"]

1. e4 c5 2. Nc3 Nc6 3. g3 g6 4. Bg2 Bg7 5. d3 d6 6. Nge2 e6 7. O-O Rb8 8. a4 a6
9. f4 Nge7 10. Be3 Nd4 11. h3 O-O 12. g4 f5 13. Ng3 b5 14. axb5 axb5 15. Qc1 b4
16. Nce2 b3 17. c3 Nc2 18. Ra7 Bb7 19. Rxb7 Rxb7 20. exf5 Ra7 21. fxe6 Ra1 22.
Qd2 Rxf1+ 23. Nxf1 Qc8 24. d4 Qxe6 25. dxc5 Nxe3 26. Nxe3 dxc5 27. Nd5 Kh8 28.
c4 Nc6 29. Nec3 Nd4 30. Ne4 Qa6 31. Nxc5 Qa7 32. Qb4 Ne6 33. Qxb3 Qxc5+ 34. Kh2
Nxf4 0-1

[Event "62. BEM 2008"]
[Site "Dortmund"]
[Date "2008.02.26"]
[Round "5.4"]
[White "Duschek, Günter"]
[Black "Begna, Bozidar"]
[Result "0-1"]
[WhiteElo "1658"]
[BlackElo "1955"]
[PlyCount "148"]
[EventDate "2008.??.??"]
[Source "SG Dortmund"]
[SourceDate "2004.12.16"]

1. d4 d6 2. e4 Nf6 3. Bd3 e5 4. c3 d5 5. dxe5 Nxe4 6. Bxe4 dxe4 7. Qxd8+ Kxd8
8. f3 Nc6 9. Bg5+ Ke8 10. Bf4 g5 11. Bg3 Bg7 12. fxe4 Nxe5 13. Bxe5 Bxe5 14.
Nf3 Bf4 15. Na3 g4 16. Nd4 Bd7 17. O-O Be3+ 18. Kh1 Bg5 19. Nab5 Bd8 20. Rf4 a6
21. Na3 h5 22. Raf1 Rh7 23. e5 Bg5 24. Re4 Rh6 25. Rfe1 Be6 26. Nxe6 Rxe6 27.
Nc2 c5 28. Ne3 Bxe3 29. R4xe3 Rd8 30. Kg1 Rd2 31. R3e2 Rd5 32. g3 Rd3 33. Kg2
Kf8 34. Rf2 Kg7 35. Ref1 Rd7 36. Re1 Kg6 37. Ree2 Rd5 38. Rd2 Rexe5 39. Rxd5
Rxd5 40. Re2 Kf6 41. Rf2+ Ke6 42. Re2+ Re5 43. Rd2 Ke7 44. Kf2 f5 45. Rd3 c4
46. Rd4 b5 47. a4 Ke6 48. axb5 axb5 49. Rd8 Rd5 50. Re8+ Kf7 51. Re2 Rd1 52.
Ke3 Kf6 53. Kf4 Rd3 54. Rf2 h4 55. gxh4 Rh3 56. h5 Rxh5 57. Rd2 Rh3 58. Rf2 Rd3
59. Rf1 Rd2 60. Kg3 Rxb2 61. Ra1 Kg5 62. h4+ gxh3 63. Kxh3 Rb3 64. Rg1+ Kh5 65.
Rg8 Rxc3+ 66. Kg2 b4 67. Rf8 Kg5 68. Rg8+ Kf4 69. Rb8 b3 70. Rb4 Rc2+ 71. Kh3
Kf3 72. Rb5 f4 73. Rb4 b2 74. Rb5 Rc1 0-1